000 01105pam a2200289 i 4500
001 2894817
003 EG-ScBUE
005 20250622083129.0
008 870513s1987 nyua f 001 0 eng
020 _a0486654931
020 _a9780486654935
040 _aEG-ScBUE
_beng
_erda
_cEG-ScBUE
_dEG-ScBUE
082 0 4 _a537.6
_222
_bSCH
100 1 _aSchwartz, Melvin,
_d1932-2006,
_eauthor.
_931395
245 1 0 _aPrinciples of electrodynamics /
_cMelvin Schwartz, consulting professor of physics, Stanford University.
264 1 _aNew York :
_bDover Publications, Inc.,
_c1987.
300 _aviii, 344 pages :
_billustrations ;
_c22 cm
336 _2rdacontent
_atext
_btxt
337 _aunmediated
_2rdamedia
_bn
338 _avolume
_bnc
_2rdacarrier
500 _a"... unabridged, corrected republication of the work first published by the McGraw-Hill Book Company, New York, 1972, in its International series in pure and applied physics"--T.p. verso.
500 _aIncludes index.
650 7 _aElectrodynamics.
_2BUEsh
_99061
653 _cNovember2012
655 _vReading book
942 _2ddc
_cBB
999 _c17092
_d17064